LEADER 01633nam1-22004331i-450- 001 990001157460403321 035 $a000115746 035 $aFED01000115746 035 $a(Aleph)000115746FED01 035 $a000115746 100 $a--------d--------km-y0itay50------ba 101 0 $aeng 200 1 $aNONLINEAR functional analysis and its applications$fEberhard Zeidler 210 $aNew York [etc.]$cSpringer-Verlag$d1985-1990 215 $a4 v.$cill.$d24 cm 300 $aV. 1.: Fixed-point theorems. V. 2.: pt. A. Linear monotone operators; pt. B. Nonlinear monotone operators. V. 3.: Variational methods and optimization. V. 4.: Applications to mathematical physics. 300 $aEnglish translation of the original German edition "Vorlesungen ueber nichtlineare Funktionalanalysis", Leipzig, Teubner, 1976-1978. 463 \1$1001990001363490403321$12001 $aLinear monotone operators 463 \1$1001990001363500403321$12001 $aVariational methods and optimization 463 \1$1001990001363510403321$12001 $aApplications to mathematical physics 610 0 $aAnalisi funzionale non lineare 610 0 $aTeoremi di punto fisso 610 0 $aOperatori lineari 610 0 $aOperatori non lineari 610 0 $aMetodi variazionali 676 $a515.7 700 1$aZeidler,$bEberhard$040565 801 0$aIT$bUNINA$gRICA$2UNIMARC 901 $aBK 912 $a990001157460403321 962 $a46-01 962 $a58-01 962 $a47HXX 962 $a54H25 962 $a55MXX 962 $a58CXX 962 $a58EXX 996 $aNonlinear functional analysis and its applications$981622 997 $aUNINA LEADER 01157nam2-2200337---450 001 990005715040403321 005 20251119130415.0 035 $a000571504 035 $aFED01000571504 035 $a(Aleph)000571504FED01 100 $a19990604d1897----km-y0itay50------ba 101 0 $aita$alat 102 $aIT 105 $ayf------001yy 200 1 $a<<1.: Le >>pergamene del Duomo di Bari, 952-1264$fper G. B. Nitto De Rossi e Francesco di Vito 210 $aBari$c[V. Vecchi]$d1897 215 $aLVII, 240 p., [9] c. di tav.$d31 cm 461 0$1001000571494$12001$aCodice diplomatico barese$fedito a cura della Commissione Provinciale di Archeologia e Storia Patria$v1 610 0 $aPergamene$aBari$aDuomo$aSec. 10.-13. 610 0 $aPuglia$aStoria$aFonti archivistiche$aSec. 10.-13. 676 $a945.751 676 $a091 702 1$aNitto De Rossi,$bGiovanni Battista 702 1$aNitti,$bFrancesco$f 801 0$aIT$bUNINA$gRICA$2UNIMARC 901 $aBK 912 $a990005715040403321 952 $a7/III F 43$bbibl.18992$fFLFBC 959 $aFLFBC 996 $aPergamene del Duomo di Bari, 952-1264$9574224 997 $aUNINA